LEADER 00909nam0-22002771i-450- 001 990006152470403321 005 19980601 035 $a000615247 035 $aFED01000615247 035 $a(Aleph)000615247FED01 035 $a000615247 100 $a19980601d1967----km-y0itay50------ba 105 $a--------00-yy 200 1 $aProntuario dei dazi doganali della nuova tariffa doganale all'importazione e all'esportazione$eaggiornato al 1 luglio 1967$eaggiornamento numero unico$fDINO BIGI 210 $aGenova$cEd. Euroitalia$d1967 215 $a68 p.$d28 cm 676 $a336.26 700 1$aBigi,$bDino$0381407 801 0$aIT$bUNINA$gRICA$2UNIMARC 901 $aBK 912 $a990006152470403321 952 $aXIV P 18$b83702$fFGBC 959 $aFGBC 996 $aProntuario dei dazi doganali della nuova tariffa doganale all'importazione e all'esportazione$9645249 997 $aUNINA DB $aGIU01 LEADER 02018nam0 2200445 i 450 001 RMG0028826 005 20251003044337.0 010 $a8814065985 020 $aIT$b99-1625 100 $a20130827d1998 ||||0itac50 ba 101 | $aita 102 $ait 181 1$6z01$ai $bxxxe 182 1$6z01$an 200 1 $aˆL'‰IVA e gli scambi intracomunitari$easpetti generali, operazioni intracomunitarie, regimi speciali ed operazioni triangolari, depositi IVA, armonizzazione delle aliquote, adempimenti contabili ed amministrativi, disposizioni ministeriali, esemplificazioni pratiche$fFrancesco Santoro 205 $a2. ed. aggiornata con la circ. del Ministero delle finanze 10/6/98$bn. 145/E 210 $aMilano$cGiuffrè$d[1998! 215 $aXIV, 474 p.$d24 cm 225 | $aCosa & come$i. Tributi 300 $aSeguono appendici 300 $aSul dorso: 1998. 410 0$1001BVE0036274$12001 $aCosa & come$i. Tributi 606 $aEsportazione$xImposta sul valore aggiunto$xLegislazione$2FIR$3CFIC025105$9I 676 $a343.05$9DIRITTO RELATIVO A SPECIFICI TIPI D'IMPOSTA.$v12 676 $a343.45055$9IMPOSTE INDIRETTE. ITALIA$v19 676 $a343.45055$9DIRITTO TRIBUTARIO SU TIPI DI TASSE SECONDO LA BASE IN ITALIA$v20 676 $a343.45055$9IMPOSTE INDIRETTE. ITALIA$v21 696 $aExport$aIVA 699 $aEsportazione$yExport 699 $aImposta sul valore aggiunto$yIVA 700 1$aSantoro$b, Francesco$3CFIV070443$4070$021541 790 1$aSantoro$b, F.$3SBNV055737$zSantoro, Francesco 801 3$aIT$bIT-000000$c20130827 850 $aIT-BN0095 901 $bNAP 01$cD $n$ 912 $aRMG0028826 950 0$aBiblioteca Centralizzata di Ateneo$d 01D (AR) 27 593$e 01AR 0700275935 VMA 1 v.$fY $h20250307$i20250307 977 $a 01 996 $aIVA e gli scambi intracomunitari$9126441 997 $aUNISANNIO